| 000 | 00966nam0a2200301 4500 | ||
|---|---|---|---|
| 001 | RU\NLR\BIBL_A\011717335 | ||
| 005 | 20180621151919.0 | ||
| 010 |
_a978-5-906445-20-9 _9100 |
||
| 021 |
_aRU _bКН-П-18-032565 _9КН-П-18-2368 |
||
| 035 | _a(NLR Aleph) 011717335 | ||
| 035 | _a(RuMoRGB)009623637 | ||
| 090 |
_a11463639 _c11463639 |
||
| 100 | _a20180531d2017 u y0rusy50 ca | ||
| 101 | 0 | _arus | |
| 102 | _aRU | ||
| 105 | _ay|||zzzz000gy | ||
| 200 | 1 |
_aДвижение в сторону леса _eстихотворения _fДрога А. А. |
|
| 210 |
_aс. Петропавловка, Воронежская обл. _c[б. и.] _d2017 |
||
| 215 |
_a64 с. _d15 |
||
| 686 |
_aШ5(2=Р)64-65я44 _2rubbk |
||
| 686 | 2 | _aШ6(2=Р)8-5 | |
| 700 | 1 |
_aДрога _bА. А. _f1980- _gАлександр А |
|
| 942 | _cBOOK | ||
| 980 | _aNBR | ||
| 980 | _aNB | ||